000 00623nam a2200217 a 4500
001 67127
003 BD-RjUL
005 20211209081622.0
008 170322s1978 ii ||||| |||| 001 0 eng d
035 _a(BD-RjUL)67258
040 _aBD-RjUL
_beng
_cBD-RjUL
_dBD-RjUL
041 _aeng
082 _223
_a633
_bRAI 1978
100 _aRaj, Anumula Shiv
_9198862
245 2 0 _aAn introduction to physiology of field crops /
_cAnumula Shiv Raj
260 _aNew Delhi :
_bOxford & IBH Pub. Co.
_cc1978
300 _a272 p. :
_bill, ;
_c24 cm.
500 _aInclude index
650 _aField crops.
_9198863
942 _2ddc
_cBK
999 _c67127
_d67127